000 00750nam a2200277Ia 4500
003 OSt
005 20260110152103.0
008 210423s2013 xx 000 0 und d
020 _a978-81-317-3156-7
040 _cAL
041 _aEnglish
082 _a658.8342
_bSCHC
100 _aLeon G Schiffman
_9104170
245 _aConsumer behavior
250 _a10
260 _aNew Delhi
_bPearson
_c2013
300 _axix,486p.
_bPB
_c25x19.7cm.
365 _b750
_cINR
650 _aConsumer Behavior
_9104171
650 _aMarketing Management
_9104172
700 _aKanuk, Leslie Lazar
_9250970
700 _aKumar, Ramesh S
_9250971
700 _aWisenblit, Joseph
_9250972
906 _a10 ; behavior ; Consumer ; Ed
942 _2ddc
_cBK
999 _c166172
_d166172